HUMAN HISTOLOGY (Record no. 2472)

MARC details
000 -LEADER
fixed length control field 00337nam a2200145Ia 4500
008 - FIXED-LENGTH DATA ELEMENTS--GENERAL INFORMATION
fixed length control field 150201s1984 xx 000 0 und d
082 ## - DEWEY DECIMAL CLASSIFICATION NUMBER
Classification number 611.018
Item number H84A
100 ## - MAIN ENTRY--PERSONAL NAME
Personal name AREY
245 ## - TITLE STATEMENT
Title HUMAN HISTOLOGY
250 ## - EDITION STATEMENT
Edition statement 1ST
260 ## - PUBLICATION, DISTRIBUTION, ETC. (IMPRINT)
Name of publisher, distributor, etc. KHOSLA PUBLISHING
Place of publication, distribution, etc. DELHI
Date of publication, distribution, etc. 1984
300 ## - PHYSICAL DESCRIPTION
Extent 1-338
650 ## - SUBJECT ADDED ENTRY--TOPICAL TERM
Topical term or geographic name as entry element HUMAN HISTOLOGY
942 ## - ADDED ENTRY ELEMENTS (KOHA)
Source of classification or shelving scheme Dewey Decimal Classification
Koha item type Books
Koha issues (borrowed), all copies 1
Holdings
Withdrawn status Lost status Source of classification or shelving scheme Damaged status Not for loan Home library Current library Date acquired Source of acquisition Cost, normal purchase price Serial Enumeration / chronology SGTU Bill Number Total Checkouts Full call number Barcode Date last seen Bill Date Koha item type Date last checked out Total Renewals
    Dewey Decimal Classification     SGT Dental Library SGT Dental Library 10/04/2002 U.B.S.DELHI 160.00 1 SGTU 45   611.018 H84A FD66 09/02/2015 19/01/2012 Books    
    Dewey Decimal Classification     SGT Dental Library SGT Dental Library 10/04/2002 U.B.S.DELHI 160.00 1 SGTU 45 2 611.018 H84A FD67 17/09/2016 19/01/2012 Books 12/09/2016  
    Dewey Decimal Classification     SGT Dental Library SGT Dental Library 10/04/2002 U.B.S.DELHI 160.00 1 SGTU 45   611.018 H84A FD68 09/02/2015 19/01/2012 Books    
    Dewey Decimal Classification     SGT Dental Library SGT Dental Library 10/04/2002 U.B.S.DELHI 160.00 1 SGTU 45   611.018 H84A FD69 09/02/2015 19/01/2012 Books    
    Dewey Decimal Classification     SGT Dental Library SGT Dental Library 10/04/2002 U.B.S.DELHI 160.00 1 SGTU 45 3 611.018 H84A FD70 05/05/2022 19/01/2012 Books 05/05/2022 1
    Dewey Decimal Classification     SGT Dental Library SGT Dental Library 10/04/2002 U.B.S.DELHI 160.00 1 SGTU 45   611.018 H84A FD71 09/02/2015 19/01/2012 Books